000 01312cam a2200217 4500
001 ##L132999
008 060403n2006 000 0 eng u
020 _a0110740130
035 _a(Sirsi) u132999
041 0 _aeng
245 0 4 _aThe Town and Country Planning (Use Classes) (Amendment) (England) Order 2006
260 _aLondon
_bTSO
_c2006
490 0 _aSI
_v2006: 220
520 _aAmends the Town and Country Planning (Use Classes) Order 1987 (the principal Order). The principal Order specifies classes for the purposes of the Town and Country Planning Act 1990 s55(2)(f) which provides that a change of use of a building or other land does not involve development for the purposes of the Act if the new use and the former use are both within the same specified class. This Order amends the principal Order by excluding from the specified classes use as a casino.
650 2 4 _aTOWN AND COUNTRY PLANNING (USE CLASSES) ORDER 1987
650 2 4 _aTOWN AND COUNTRY PLANNING ACT 1990 S55(2)(F)
650 2 4 _aTOWN AND COUNTRY PLANNING (USE CLASSES) (AMENDMENT) (ENGLAND) ORDER 2006
690 _aENVIRONMENTAL AND LAND CONSULTANCY-PLANNING AND DEVELOPMENT-USE REQUIREMENTS
856 4 0 _uhttps://www.opsi.gov.uk/si/si2006/20060220.htm
_zView the Order free of charge at www.opsi.gov.uk...
942 _n0
999 _c105302
_d105302